000
00214 a2200097 4500
020
_a
99992463031
041
_a
spa
100
_a
Lara, Marco Antonio
245
_a
Ley 260 Ley organica del poder judicial
942
_c
BK
999
_c
10454
_d
10454